000 00446nam a2200181Ia 4500
001 16877
005 20260306170343.0
008 260306t1996||||xx |||||||||||||| ||und||
041 _aESP
082 _a657.3
_bB45
100 _aBernstein, Leopold A.
_eAUT
245 0 _aAnálisis de estados financieros
260 _c1996
300 _axxxiv, 867 páginas : 24 páginas :
_c
650 _aGEN
654 _aCCO
942 _cLIB
_dJUS
_fJUS
_2ddc
_n
999 _c16877
_d16877